| 000 | 00904nam a22002417a 4500 | ||
|---|---|---|---|
| 999 |
_c64827 _d64827 |
||
| 005 | 20240530110753.0 | ||
| 008 | 181218s2018 ua h f b 00| 0 ara d | ||
| 017 |
_a2018/4360 _bمصر. دار الكتب |
||
| 020 | _a9789777951807 | ||
| 040 |
_aEG-CaGPL _cEG-CaGPL |
||
| 082 | 0 | 4 |
_221 _a791.4353 / _bن إ |
| 100 | 0 | _aنجلاء الجمال | |
| 245 | 1 | 0 |
_aانتاج الافلام التسجيلية التليفزيونية / _cنجلاء الجمال |
| 250 | _aط.1 | ||
| 260 |
_aالقاهرة : _bالدار المصرية اللبنانية ، _c2018. |
||
| 300 |
_a237 ص. : _bايض ؛ _c24 سم. |
||
| 504 | _aيشتمل على ارجاعات ببليوجرافية | ||
| 650 | 0 | 7 |
_2qrmak _aالافلام التسجيلية |
| 650 | 0 | 7 |
_2qrmak _aالافلام التسجيلية _xانتاج |
| 651 | _2qrmak | ||
| 942 |
_2ddc _cBK |
||